Rozpoznaj kraje Azji po ich nazwie w języku urzędowym - Statystyki

Ogólne statystyki
  • Ten quiz został rozwiązany 139 razy
  • Średni wynik to 24 z 50
Statystyki odpowiedzi
Nazwa w języku urzędowym nazwa po polsku % Poprawnych
Malaysia Malezja
88%
Qazaqstan Kazachstan
87%
Türkiye Turcja
87%
Pilipina Filipiny
83%
Indonesia Indonezja
83%
Singapore Singapur
83%
Oʻzbekiston Uzbekistan
83%
Azərbaycan Azerbejdżan
82%
Brunei Brunei
82%
Türkmenistan Turkmenistan
81%
Việt Nam Wietnam
81%
Timór-Leste Timor wschodni
80%
Россия Rosja
79%
Кыргызстан Kirgistan
74%
日本 Japonia
70%
中华 Chiny
67%
한국 Korea południowa
64%
북한 Korea północna
61%
Монгол улс Mongolia
61%
Тоҷикистон Tadżykistan
57%
المملكة العربية السعودية Arabia saudyjska
44%
台湾 Tajwan
42%
Κύπρος Cypr
40%
ישראל Izrael
40%
भारत Indie
39%
الإمارات العربية المتحدة Zjednoczone Emiraty Arabskie
39%
საქართველო Gruzja
38%
नेपाल Nepal
35%
سوريا Syria
35%
อาณาจักรไทย Tajlandia
35%
Հայաստան Armenia
33%
اليمن Jemen
32%
ايران Iran
31%
বাংলাদেশ Bangladesz
29%
العراق Irak
28%
ශ්රී ලංකා Sri lanka
26%
မြန်မာ Mjanma
25%
འབྲུག་ཡུལ་ Bhutan
24%
ປະເທດລາວ Laos
24%
ދިވެހިރާއްޖެ Malediwy
23%
سلطنة عمان Oman
22%
ចក្រកម្ពុជា Kambodża
21%
الأردن Jordania
20%
قطر Katar
18%
الكويت Kuwejt
17%
لبنان Liban
17%
البحرين Bahrajn
13%
پاکستان Pakistan
13%
افغانستان Afganistan
9%
فلسطين Palestyna
8%
Nie znaleziono quizów pasujących do podanych kryteriów
Rozkład punktacji
Procent ludzi z każdym wynikiem
Percentyl według liczby udzielonych odpowiedzi
Twoja historia wyników
Nie rozwiązałeś tego quizu